| 000 | 00556nam a2200169Ia 4500 | ||
|---|---|---|---|
| 008 | 090201s9999 xx 000 0 und d | ||
| 010 | _aKPL-29265 | ||
| 040 | _bमराठी | ||
| 041 | _aमराठी | ||
| 082 |
_a31891 _b29265 |
||
| 100 | _aछबुताई कवीश्वर | ||
| 245 |
_aसारंच जगावेगळं _cछबुताई कवीश्वर |
||
| 260 |
_c2004 _bसुरस प्रकाशन |
||
| 300 |
_a121 _bमोठा |
||
| 600 | _aसारंच जगावेगळं | ||
| 942 | _cBOOK | ||
| 999 |
_c230290 _d230290 |
||